مكتبة جامعة عجلون الوطنية

فهرس بحث المكتبة

Normal view MARC view
  • التربية-الفلسفة والتربية

Entry Topical Term

Number of records used in: 1

001 - CONTROL NUMBER

  • control field: 37493

003 - CONTROL NUMBER IDENTIFIER

  • control field: JO-AjAnu

005 - DATE AND TIME OF LATEST TRANSACTION

  • control field: 20230606080242.0

008 - FIXED-LENGTH DATA ELEMENTS

  • fixed length control field: 230606|| aca||aabn | a|a d

040 ## - CATALOGING SOURCE

  • Original cataloging agency: JO-AjAnu
  • Transcribing agency: JO-AjAnu

150 ## - HEADING--TOPICAL TERM

  • Topical term or geographic name entry element: التربية-الفلسفة والتربية

670 ## - SOURCE DATA FOUND

  • Source citation: Work cat.: (JO-AjAnu)19238: دوس، جيمس س مؤلف/عبد العزيز، صالح مترجم/غلاب، محمد السيد مترجم/مصطفى، محمد علي مراجع, author 37492, الأسس العامة لنظريات التربية